| 000 | 00857nam a2200217 a 4500 | ||
|---|---|---|---|
| 003 | AM-YeHGA | ||
| 040 | _aAM-YeHGA | ||
| 942 |
_2udc _cBK |
||
| 090 | _c188999 | ||
| 001 | 000505788 | ||
| 005 | 20250618072703.0 | ||
| 008 | 061025s1927 ai r 000 0 arm d | ||
| 041 | 1 | _aarm | |
| 100 | 1 | _aՈւսպենսկի, Անդրեյ | |
| 245 | 1 | 0 |
_aՎաղաժամ սեռական հարաբերությունների վնասը : _b(Հանրամատչելի շարադրություն) / _cԱ. Ուսպենսկի; Թարգմ.՝ Գար. Հակոբյան. |
| 260 |
_aՅերեվան : _bՊետհրատ, _c1927. |
||
| 300 |
_a83 էջ ; _c17 սմ. |
||
| 440 | 0 |
_aԿոմյերիտական գրադարան _nՊիոներական սերիա |
|
| 650 | 1 | 4 |
_aՍեռական դաստիարակություն _95580 |
| 700 | 1 |
_aՀակոբյան, Գ. _eթարգմ. _4trl _95548 |
|
| 999 |
_c187533 _d187533 |
||